Rethinking the Mahabharata : (Record no. 64518)

MARC details
000 -LEADER
fixed length control field 00604nam a22001577a 4500
005 - DATE AND TIME OF LATEST TRANSACTION
control field 2012032907227.0
020 ## - INTERNATIONAL STANDARD BOOK NUMBER
International Standard Book Number 0195664205
Terms of availability 645.00
035 ## - SYSTEM CONTROL NUMBER
System control number B-79998
037 ## - SOURCE OF ACQUISITION
Stock number DPL
Source of stock number/acquisition ENG
100 ## - MAIN ENTRY--PERSONAL NAME
Personal name Hiltebeitel, Alf
245 ## - TITLE STATEMENT
Title Rethinking the Mahabharata :
Remainder of title A reader's guide to the education of the Dharma king /
Statement of responsibility, etc by Alf Hiltebeitel
260 ## - PUBLICATION, DISTRIBUTION, ETC. (IMPRINT)
Place of publication, distribution, etc New Dehli
Name of publisher, distributor, etc Oxford University Press
Date of publication, distribution, etc 2002
300 ## - PHYSICAL DESCRIPTION
Extent x, 365p.
Dimensions 20 cms.
942 ## - ADDED ENTRY ELEMENTS (KOHA)
Source of classification or shelving scheme Dewey Decimal Classification
Item type English Books
Classification part 230.1
Call number suffix HIL
Holdings
Withdrawn status Lost status Not for loan Collection code Home library Current library Date acquired Cost, normal purchase price Full call number Barcode Cost, replacement price Koha item type
      Non-fiction Sarojini Nagar Sarojini Nagar 29/03/2012 645.00 230.1 HIL B-79998 645.00 English Books

© Delhi Public Library
Hit Counter
free hit counter